000
00233nam a2200097Ia 4500
005
20251222114352.0
008
251222s1900||||xx |||||||||||||| ||spa||
082
_a
DVD0124/L16/1992
245
0
_a
Eric Clapton: MTV Unplugged:
942
_c
DVD
999
_c
1269
_d
1269